000 00541nam a2200181Ia 4500
008 090201s9999 xx 000 0 und d
010 _aKPL-74825
040 _bमराठी
041 _aमराठी
082 _a55385
_b74825
100 _aगिरीश डॉ.जाखेटिया
245 _aवंश
_cगिरीश डॉ.जाखेटिया
250 _a1
260 _c2008
_bराजेंद्र प्रकाशन
300 _a246
_bमध्यम
600 _aवंश
942 _cBOOK
999 _c251646
_d251646